00865nam a22002417a 450000500170000001000130001702000210003003500130005103700160006404000120008008200170009210000230010924500710013226000360020327000570023930000210029650000540031765000330037165000470040494200260045199900190047795201270049620170124110157.0 aB-058558 c00.00a818779017 aB-058558 bCen Lib/Ret aDPLbEN a025.524bSIN aSingh, A. P935335 aInformation management in archives and libraries /cby A. R. Singh aDelhibAakar Publicationsc2001 a28-E, Pocket-IV, Mayur Vihar, Phase-IbDelhie110091 a172p. c21cm(Hb) aIncludes bibliographical references and index  aLibrary administration92603 aArchives -- India -- Administration935336 2ddccENh025.524mSIN c132636d132636 00104070aLbLd2015-07-23eCen Lib/Ret g0.00l0o025.524 SINpB-058558r2015-07-23 00:00:00t1v0.00w2015-07-23yEN